Megacities in India - Statistics

General Stats
  • This quiz has been taken 65 times
  • The average score is 5 of 6
Answer Stats
Answer % Correct
Delhi
100%
Mumbai
98%
Kolkata
91%
Bengaluru
87%
Chennai
83%
Hyderabad
80%
No matching quizzes found
Score Distribution
Percent of People with Each Score
Percentile by Number Answered
Your Score History
You have not taken this quiz